Perrie - Perrie - Statistics

General Stats
  • This quiz has been taken 14 times
  • The average score is 12 of 16
Answer Stats
2025 Perrie % Correct
1 Forget About Us
100%
2 If He Wanted To He Would
100%
5 Baby Steps
88%
11 Put You First
88%
3 Sand Dancer
88%
15 You Go Your Way
88%
8 Cute Aggression
75%
16 Goodbye My Friend
75%
9 Miss You
75%
13 Where You Are
75%
12 Absofuckinglutely
63%
6 Bonnie and Clyde
63%
4 Rocket Scientist
63%
14 Same Place Different View
63%
10 Punchline
50%
8 Pushing Up Daises
38%
No matching quizzes found
Score Distribution
Percent of People with Each Score
Percentile by Number Answered
Your Score History
You have not taken this quiz